FAITH AND FREEDOM: WOMEN'S HUMAN RIGHTS IN THE MUSLIM WORLD / (Record no. 23520)
[ view plain ]
| 000 -الفاتح | |
|---|---|
| حقل البيانات ثابتة الطول | 00478nam a2200169Ia 4500 |
| 008 - عناصر البيانات ثابتة الطول - معلومات عامة | |
| حقل البيانات ثابتة الطول | 140319s9999 xx 000 0 eng d |
| 040 ## - مصدر الفهرسة | |
| وكالة الفهرسة الأصلية | GCL / |
| وكالة النسخ | GCL |
| 082 04 - رقم تصنيف ديوى العشرى | |
| رقم التصنيف | 291.082 |
| رقم المادة | A F |
| 100 1# - المدخل الرئيسى - إسم شخصى | |
| الإسم الشخصى | AFKHAMI, MAHNZY |
| 245 10 - بيان العنوان | |
| العنوان | FAITH AND FREEDOM: WOMEN'S HUMAN RIGHTS IN THE MUSLIM WORLD / |
| بيان المسئوليه,etc | AFKHAMI, MAHNZY |
| 650 04 - المدخل الاضافى بالموضوع-مصطلح موضوعى | |
| مصطلح موضوعي | نجد |
| 650 04 - المدخل الاضافى بالموضوع-مصطلح موضوعى | |
| مصطلح موضوعي | WOMEN - RELIGION |
| 650 04 - المدخل الاضافى بالموضوع-مصطلح موضوعى | |
| مصطلح موضوعي | WOMEN - RIGHTS |
| 942 ## - عناصر المدخل الإضافي( كوها) | |
| مصدر التصنيف او مخطط الترفيف | Dewey Decimal Classification |
| Koha [default] item type | كتاب |
| 260 ## - PUBLICATION, DISTRIBUTION, ETC. (IMPRINT) | |
| -- | [S.N] : |
| -- | I.B. TAURIS & CO LTD PUBLISHERS |
| حالة التراجع | حالة الفقد | حالة تلف | ليس للاعارة | المكان المؤقت | الموقع الحالى | تاريخ الاكتساب | اجمالي اﻻعارات | رقم الطلب | الباركود | تاريخ اخر مشاهدة | تاريخ تفعيل السعر | نوع وعاء كوها |
|---|---|---|---|---|---|---|---|---|---|---|---|---|
| مكتبة القاهرة الكبرى | مكتبة القاهرة الكبرى | 03/26/2014 | 291.082\A F | 41922 | 03/26/2014 | 03/26/2014 | كتاب |

